[Collection containing 4 Masses, 16 Magnificats, 2 Te Deums, 5 canticles, 1 psalm, 27 hymns, 50 motets.
Disimpan dalam:
| Pengarang Korporat: | |
|---|---|
| Format: | Skor Muzik |
| Bahasa: | Latin |
| Diterbitkan: |
15--]
|
| Subjek-subjek: | |
| Penanda-penanda: |
Tambah Penanda
Tiada Penanda, Jadilah orang pertama menanda rekod ini!
|
| LEADER | 00947ndm a2200265 4500 | ||
|---|---|---|---|
| 001 | 007738020-7 | ||
| 005 | 20160318143105.0 | ||
| 008 | 980317s15uu xx muz| a nn| lat d | ||
| 035 | 0 | |a ocm39014714 | |
| 040 | |a MH-Mu |c MH-Mu | ||
| 047 | |a ms |a hy |a mo |a zz | ||
| 110 | 1 | |a Leiden (Netherlands). |b Gemeente-Archief. |k Manuscript. |n 1442. | |
| 245 | 0 | 0 | |a [Collection containing 4 Masses, 16 Magnificats, 2 Te Deums, 5 canticles, 1 psalm, 27 hymns, 50 motets. |
| 260 | |c 15--] | ||
| 300 | |a 1 ms. choirbook ([391] leaves) | ||
| 510 | 4 | |a Census-catalogue of manuscript sources of polyphonic music 1400-1550, |c II, p. 29 (LeidGA 1442). | |
| 650 | 0 | |a Masses |y 16th century. | |
| 650 | 0 | |a Magnificat (Music) |y 16th century. | |
| 650 | 0 | |a Te Deum laudamus (Music) |y 16th century. | |
| 650 | 0 | |a Canticles |y 16th century. | |
| 650 | 0 | |a Psalms (Music) |y 16th century. | |
| 650 | 0 | |a Motets |y 16th century. | |
| 650 | 0 | |a Music |x Manuscripts. | |
| 988 | |a 20020608 | ||
| 906 | |0 MH | ||


